=LDR 00000nam 2200000 4500 =001 INLIS000000000039417 =005 20130612145039 =008 ***********************************ind** =035 ##$$0010-061300000039417 =041 ##$$a ind =082 ##$$a 793.1 =090 ##$$a 793.1, Adi p =100 ##$$a ADININGSIH, Neni Utami =245 ##$$a Permainan kreatif asah kecerdasan logis matematis, Panduan mudah bagi orang tua dan guru, Neni utami adiningsih;Editor,Yani suryani =260 ##$$a 2008 $b Bandung =300 ##$$a 90 Hlm, Ilus, 23 Cm =650 ##$$a PERMAINAN-KECERDASAN =700 ##$$a SURYANI, Yani =850 ##$$a NBPNMAT